00513nam a2200157Ia 4500082001700000100002200017245005400039260004900093300001600142440005400158650003500212650003500247650002000282650002400302650002900326 a954.02 PAN-; aPanchamukhi, A.R. 0aSocio-economic ideas in ancient Indian literature aNew DelhibRashtriya Sanskrit Sansthanc1998 aviii, 550p. aGolden jubilee of India's independence series; 19 aLiterature and history - India aLiterature and society - India aIndia - History aLiterature, Ancient aIndic literature - India